[Event "BRA-ch U20 Girls"]
[Site "Sao Paulo"]
[Date "2012.02.18"]
[Round "1"]
[White "Hoshino, Karen M"]
[Black "Fassis, Juliana Maria"]
[Result "1-0"]
[WhiteElo "1952"]
[BlackElo "1803"]
[PlyCount "99"]
[EventDate "2012.02.18"]
[EventType "swiss"]
[EventRounds "7"]
[EventCountry "BRA"]
[SourceTitle "CBM 147 Extra"]
[Source "ChessBase"]
[SourceDate "2012.04.24"]
[SourceVersion "1"]
[SourceVersionDate "2012.04.24"]
[SourceQuality "1"]

1. d4 Nf6 2. Nf3 e6 3. Bg5 c5 4. dxc5 Bxc5 5. Nbd2 h6 6. Bh4 d5 7. e4 g5 8. Bg3 dxe4 9. Ne5 a6 10. Ndc4 Nd5 11. c3 Qf6 12. Ng4 Qf5 13. Nge3 Nxe3 14. Nxe3 Bxe3 15. fxe3 Qd5 16. Qc2 Nc6 17. Be2 Ne7 18. 0-0 Nf5 19. Bf2 h5 20. Rfd1 Qc6 21. Qd2 Bd7 22. Bg3 Nxg3 23. hxg3 h4 24. Qd4 0-0-0 25. gxh4 Rxh4 26. Qg7 Qc7 27. Qxg5 Qh2+ 28. Kf2 Rdh8 29. Qc5+ Qc7 30. Qxc7+ Kxc7 31. Rg1 Rg8 32. Rh1 Rxh1 33. Rxh1 Kd6 34. b4 Rf8 35. c4 Ke5 36. c5 f5 37. g4 Rg8 38. gxf5 exf5 39. Bc4 Rf8 40. Rd1 Bc8 41. a3 Be6 42. Bxe6 Kxe6 43. Rd6+ Ke7 44. Kg3 Rh8 45. Rb6 Rb8 46. c6 Kd8 47. Rxb7 Rxb7 48. cxb7 Kc7 49. Kf4 Kxb7 50. Kxf5 1-0

[Event "Altinopolis op 1st"]
[Site "Altinopolis"]
[Date "2012.02.03"]
[Round "2"]
[White "Custodio, Leandro"]
[Black "Fassis, Juliana Maria"]
[Result "1-0"]
[WhiteElo "1847"]
[BlackElo "1779"]
[PlyCount "41"]
[EventDate "2012.02.03"]
[EventType "swiss"]
[EventRounds "6"]
[EventCountry "BRA"]
[SourceTitle "CBM 147 Extra"]
[Source "ChessBase"]
[SourceDate "2012.04.24"]
[SourceVersion "1"]
[SourceVersionDate "2012.04.24"]
[SourceQuality "1"]

1. d4 Nf6 2. c4 c5 3. Nf3 e6 4. g3 d5 5. cxd5 Nxd5 6. Bg2 Nc6 7. 0-0 cxd4 8. Nxd4 Qc7 9. Bxd5 exd5 10. Nb5 Qb6 11. Qxd5 Be6 12. Be3 Qxe3 13. Nc7+ Ke7 14. fxe3 Bxd5 15. Nxa8 Nb4 16. Nc3 Bc6 17. Rad1 Na6 18. b4 b5 19. Nd5+ Kd7 20. Nac7 Bd6 21. Rxf7+ 1-0